Factors influencing the rating of regional economic performance or reasons why Prague has become the 6th best economically performing region of the EU

Regionálna politika Európskej únie. Hodnotenie NUTS 2 regiónov hlavných miest. NUTS - nomenclature of territorial units for statistics. Neexistujúca regionálne rozlíšená parita kúpnej sily. Inter-regionálny komutátor prílivu a odlivu kapitálu. Miera zamestnanosti cudzincov. Miera prerozdelenia verej...

Descrizione completa

Salvato in:
Dettagli Bibliografici
Autore principale: Chlad, Miloslav
Altri autori: Kahoun, Jaroslav
Natura: Capitolo di libro
Lingua:inglese
Soggetti:
Tags: Aggiungi Tag
Nessun Tag, puoi essere il primo ad aggiungerne!!

MARC

LEADER 00000naa a2200000 4500
001 0143647
005 20220729111922.4
041 0 |a eng 
044 |a CZ 
245 1 0 |a Factors influencing the rating of regional economic performance or reasons why Prague has become the 6th best economically performing region of the EU  |c Miloslav Chlad, Jaroslav Kahoun 
520 |a Regionálna politika Európskej únie. Hodnotenie NUTS 2 regiónov hlavných miest. NUTS - nomenclature of territorial units for statistics. Neexistujúca regionálne rozlíšená parita kúpnej sily. Inter-regionálny komutátor prílivu a odlivu kapitálu. Miera zamestnanosti cudzincov. Miera prerozdelenia verejných zdrojov a čistý disponibilný príjem domácnosti. Príloha: Methodical definition of selected terms and indicators. 
610 2 0 |a politika regionálna 
610 2 0 |a produkt domáci hrubý 
610 2 0 |a kapitál 
610 2 0 |a domácnosti 
610 2 0 |a parita sily kúpnej 
610 2 0 |a zamestnávanie cudzincov 
610 2 0 |a Európska únia 
100 1 |a Chlad, Miloslav 
700 1 |a Kahoun, Jaroslav